Zasielateľstvo a logistické činnosti
Gespeichert in:
| 1. Verfasser: | |
|---|---|
| Format: | Buch |
| Sprache: | Slowakisch |
| Veröffentlicht: |
Bratislava :
Iura Edition,
2008
|
| Ausgabe: | 1. vyd |
| Schriftenreihe: | Ekonómia
268 |
| Schlagworte: | |
| Online-Zugang: | OBSAH |
| Tags: |
Keine Tags, Fügen Sie das erste Tag hinzu!
|
MARC
| LEADER | 00000nam a22000003a 4500 | ||
|---|---|---|---|
| 001 | stu181069 | ||
| 005 | 20150617225610.3 | ||
| 008 | 090306s2008----xo------------------slo-d | ||
| 020 | |a 978-80-8078-232-0 | ||
| 040 | |a STU |b slo | ||
| 041 | 0 | |a slo | |
| 044 | |a xo | ||
| 080 | |a 658.7 | ||
| 100 | 1 | |a Buková, Bibiána |4 aut | |
| 245 | 1 | |a Zasielateľstvo a logistické činnosti | |
| 250 | |a 1. vyd | ||
| 260 | |a Bratislava : |b Iura Edition, |c 2008 | ||
| 300 | |a 294 s | ||
| 650 | 7 | |a logistika |2 stusub | |
| 650 | 7 | |a logistika distribučná |2 stusub | |
| 650 | 7 | |a doprava |2 stusub | |
| 650 | 7 | |a preprava |2 stusub | |
| 650 | 7 | |a zasielateľstvo |2 stusub | |
| 830 | 0 | |a Ekonómia |v 268 | |
| 856 | 4 | |a https://sweb.mtf.stuba.sk/obsahy/zasielatelstvo_a_logisticke_cinnosti_08.pdf |u https://sweb.mtf.stuba.sk/obsahy/zasielatelstvo_a_logisticke_cinnosti_08.pdf |3 OBSAH | |
| 996 | |b 284M069906 |c M*12461-3 |l MMKN |s A |a 24 |w stu181069_0001 | ||
| 996 | |b 284M069907 |c M*12461-4 |l MMKN |s A |a 24 |w stu181069_0002 | ||
| 996 | |b 284M069908 |c M*12461-5 |l MMKN |s A |a 24 |w stu181069_0003 | ||
| 996 | |b 284M069904 |c M*12461-1 |l MMKN |s A |a 24 |w stu181069_0004 | ||
| 996 | |b 284M069905 |c M*12461-2 |l MMKN |s A |a 24 |w stu181069_0005 | ||